000 00309nam a22001337a 4500
041 _aENG
100 _aKapli.I.P
245 _aElements Of Strength Of Materials
250 _aFifth Ed
260 _aDelhi
_bAffiliated East-West Press Privata Lim
_c2012
300 _a371
650 _aFS
856 _uFS ( 36 )
999 _c856
_d856